Prose and Poetry through Time : Hebrew Verb Form Semantics in Zechariah /
This is the first major study of the Biblical Hebrew verbal system of a prophetic book. It is also the first book-length study in over 60 years to focus on how genre affects the Hebrew verbal system. It advances a data-driven argument that Biblical Hebrew verb forms do not function one way in prose...
المؤلف الرئيسي:
التنسيق: كتاب الكتروني
اللغة: English
منشور في:
Leiden ; Boston :
Brill,
2025.
سلاسل:
Language and Linguistics E-Books Online, Collection 2024.
Studia Semitica Neerlandica ;
77.
الموضوعات:
الوصول للمادة أونلاين: Login to view Source
الوسوم: إضافة وسم
رقم الطلب: BM197.5
| LEADER | 02312nam a22005058i 4500 | ||
|---|---|---|---|
| 001 | BRILL9789004693692 | ||
| 003 | nllekb | ||
| 005 | 20241111180909.0 | ||
| 006 | m d | ||
| 007 | cr un uuuua | ||
| 008 | 240801s2025 gw sb 001 0 eng d | ||
| 020 | |a 9789004693692 |q (electronic book) | ||
| 020 | |z 9789004693678 |q (print) | ||
| 024 | 7 | |a 10.1163/9789004693692 |2 DOI | |
| 035 | |z (OCoLC)1436904447 | ||
| 040 | |a NL-LeKB |c NL-LeKB |e rda | ||
| 041 | |a eng | ||
| 050 | 4 | |a BM197.5 | |
| 072 | 7 | |a CFG |2 bicssc | |
| 072 | 7 | |a LAN |x 016000 |2 bisacsh | |
| 082 | 0 | 4 | |a 296.8/342/08 |2 23 |
| 100 | 1 | |a Huebscher, Stephen L., |e author. | |
| 245 | 1 | 0 | |a Prose and Poetry through Time : |b Hebrew Verb Form Semantics in Zechariah / |c Stephen L. Huebscher. |
| 246 | 3 | |a Hebrew Verb Form Semantics in Zechariah | |
| 264 | 1 | |a Leiden ; |a Boston : |b Brill, |c 2025. | |
| 264 | 4 | |c ©2025 | |
| 300 | |a 1 online resource (320 pages) : |b illustrations. | ||
| 336 | |a text |b txt |2 rdacontent | ||
| 337 | |a computer |b c |2 rdamedia | ||
| 338 | |a online resource |2 rdacarrier | ||
| 490 | 1 | |a Language and Linguistics E-Books Online, Collection 2024 | |
| 490 | 1 | |a Studia Semitica Neerlandica ; |v 77 | |
| 504 | |a Includes bibliographical references and index. | ||
| 520 | |a This is the first major study of the Biblical Hebrew verbal system of a prophetic book. It is also the first book-length study in over 60 years to focus on how genre affects the Hebrew verbal system. It advances a data-driven argument that Biblical Hebrew verb forms do not function one way in prose and another way in poetry. Lastly, the author addresses the diachronic development of Hebrew between the destruction of the First Temple and the writing of the Dead Sea Scrolls. | ||
| 546 | |a English | ||
| 588 | |a Description based on print version record. | ||
| 650 | 0 | |a Jewish Studies. | |
| 650 | 0 | |a Languages and Linguistics. | |
| 650 | 0 | |a Literature & Linguistics. | |
| 776 | 0 | 8 | |i Print version: |t Prose and Poetry through Time : Hebrew Verb Form Semantics in Zechariah. |d Leiden ; Boston : Brill, 2025. |z 9789004693678 |
| 830 | 0 | |a Language and Linguistics E-Books Online, Collection 2024. | |
| 830 | 0 | |a Studia Semitica Neerlandica ; |v 77. | |
| 856 | 4 | |z DOI: |u http://dx.doi.org/10.1163/9789004693692 | |
| 942 | |2 lcc |c EBOOK | ||
| 999 | |c 59764 |d 59764 | ||
